Missing Word: Faith Hill (A-Z) Quiz Stats

 Plays Quiz Updated Aug 13, 2017

Challenge
Share
Tweet
Embed
Score 0/22 Timer 03:00
0 Plays Today
Song Answer % Correct
_____ of RosesBed
82.5%
_____ Me as I AmTake
76%
This _____Kiss
63.7%
There _____ BeYou'll
63.2%
If My Heart Had _____Wings
57.9%
Mississippi _____Girl
56.3%
Just About _____Now
54.8%
_____ of My HeartPiece
54.8%
_____ Around the EyesJust
52.5%
Let's Go to _____Vegas
49.1%
It _____ to MeMatters
45.3%
Song Answer % Correct
The _____ WayHard
40.7%
You Can't _____ MeLose
39.7%
Wild _____One
33.1%
Red _____Umbrella
30.8%
Someone Else's _____Dream
27.1%
Where Are You, _____?Christmas
23.4%
The _____ of LifeSecret
20%
_____ HeartAmerican
13.3%
Bringing Out the _____Elvis
10.7%
A _____ in My HeartRoom
8.7%
My Wild _____Frontier
7.5%

Today's Daily Dose

You're not logged in!

Compare scores with friends on all Sporcle quizzes.
OR
Log In

You Might Also Like...

Show Comments

Extras

Top Quizzes Today


Score Distribution

Your Account Isn't Verified!

In order to create a playlist on Sporcle, you need to verify the email address you used during registration. Go to your Sporcle Settings to finish the process.

Report this User

Report this user for behavior that violates our Community Guidelines.

Details: